MARC details
| 000 -LEADER |
| campo de control de longitud fija |
04076cam a2200457 a 4500 |
| 001 - NÚMERO DE CONTROL |
| campo de control |
54459 |
| 005 - FECHA Y HORA DE LA ÚLTIMA TRANSACCIÓN |
| campo de control |
20230410103917.0 |
| 008 - DATOS DE LONGITUD FIJA--INFORMACIÓN GENERAL |
| campo de control de longitud fija |
980318s1998 nyua b 001 0 eng |
| 010 ## - NÚMERO DE CONTROL DE LA BIBLIOTECA DEL CONGRESO |
| Número de control de LC |
98015575 |
| 035 ## - NÚMERO DE CONTROL DEL SISTEMA |
| Número de control de sistema |
(OCoLC)ocm38765078 |
| 040 ## - FUENTE DE CATALOGACIÓN |
| Centro catalogador/agencia de origen |
DLC |
| Centro/agencia transcriptor |
DLC |
| Centro/agencia modificador |
XIM |
| -- |
FIT |
| -- |
XY4 |
| -- |
BAKER |
| -- |
BTCTA |
| -- |
YDXCP |
| 020 ## - NÚMERO INTERNACIONAL ESTÁNDAR DEL LIBRO |
| Número Internacional Estándar del Libro |
0385491182 (pbk.) |
| 020 ## - NÚMERO INTERNACIONAL ESTÁNDAR DEL LIBRO |
| Número Internacional Estándar del Libro |
9780385491181 (pbk.) |
| 029 1# - OTRO NÚMERO DE CONTROL DE SISTEMA (OCLC) |
| Identificador de la biblioteca OCLC |
YDXCP |
| Número de control de sistema |
1510665 |
| 029 1# - OTRO NÚMERO DE CONTROL DE SISTEMA (OCLC) |
| Identificador de la biblioteca OCLC |
NZ1 |
| Número de control de sistema |
3171814 |
| 035 ## - NÚMERO DE CONTROL DEL SISTEMA |
| Número de control de sistema |
(OCoLC)38765078 |
| 043 ## - CÓDIGO DE ÁREA GEOGRÁFICA |
| Código de área geográfica |
a-vt--- |
| -- |
n-us--- |
| 050 14 - SIGNATURA TOPOGRÁFICA DE LA BIBLIOTECA DEL CONGRESO |
| Número de clasificación |
438 DS 557.7 |
| Número de ítem |
V666 1998 |
| 082 00 - NÚMERO DE LA CLASIFICACIÓN DECIMAL DEWEY |
| Número de clasificación |
959.704/3 |
| Número de edición |
21 |
| 049 ## - FONDOS LOCALES (OCLC) |
| Biblioteca depositaria |
GRAL |
| 245 04 - MENCIÓN DEL TÍTULO |
| Título |
The Vietnam reader : |
| Resto del título |
the definitive collection of American fiction and nonfiction on the war / |
| Mención de responsabilidad, etc. |
edited by Stewart O'Nan. |
| 260 ## - PUBLICACIÓN, DISTRIBUCIÓN, ETC. |
| Lugar de publicación, distribución, etc. |
New York : |
| Nombre del editor, distribuidor, etc. |
Anchor Books, |
| Fecha de publicación, distribución, etc. |
c1998. |
| 300 ## - DESCRIPCIÓN FÍSICA |
| Extensión |
x, 724 p. : |
| Otras características físicas |
ill. ; |
| Dimensiones |
21 cm. |
| 504 ## - NOTA DE BIBLIOGRAFÍA, ETC. |
| Nota de bibliografía, etc. |
Includes bibliographical references (p. 697-699) and index. |
| 505 0# - NOTA DE CONTENIDO CON FORMATO |
| Nota de contenido con formato |
1. Green -- Green berets / Robin Moore -- If I die in a combat zone ; Going after Cacciato / Tim O'Brien -- 2. Early work -- One very hot day / David Halberstam -- If I die in a combat zone -- Obscenities / Michael Casey -- Sticks and bones / David Rabe -- From demilitarized zones / Jan Barry and W D Ehrhart edts -- 3. First wave of major work -- Born on the Fourth of July / Ron Kovic -- Fields of fire / James Webb -- Rumor of war / Philip Caputo -- Dispatches / Michael Herr -- Going after Cacciato -- 4. First wave of major films -- Deer hunter ; Coming home ; Apocalypse now -- 5. Songs -- "Ballad of the green berets" / Barry Sadler and Robin Moore -- "I-feel-like-I'm-fixin'-to die-rag" / Country Joe McDonald -- "Fortunate son" / Creedence clear water revival, John Fogerty -- "The unknown soldier" / The Doors, Jim Morrison -- "What's going on" / Marvin Gaye -- "War" / Edwin Starr -- "Born in the USA" Bruce Springsteen -- "The big parade" / 10,000 Maniacs, Natalie Merchant -- 6. Oral history boom -- Nam / Mark Baker -- Bloods / Wallace Terry -- Piece of my heart / Keith Walker -- From Dear America: letters home from Vietnam / Bernard Edelman edt -- Everything we had / Al Santoli -- 7. Second wave of major work -- 13th Valley / John M Del Vecchio -- Meditations in green / Stephen Wright -- Paco's story / Larry Heinemann -- 8. Second wave of major films -- Platoon ; Full metal jacket -- 9. Memoirs -- 365 days / Ronald J Glasser -- Killing zone / Fredrick Downs -- Chickenhawk / Robert Mason -- Only war we had / Michael Lee Lanning -- 10. Masterwork -- Things they carried / Tim O'Brien -- 11. Homecoming -- Paco's story -- Love medicine / Louise Erdrich -- From carrying the darkness / W D Ehrhart edt -- A romance ; Monkey wars ; What saves us / Bruce Weigl -- Things they carried -- 12. Memory -- Dien Cai Dau / Yusef Komunyakaa -- In country / Bobbie Ann Mason -- Incoming / Kevin Bowen -- In the lake of the woods / Tim O'Brien -- Mr. Giai's poem / John Balaban -- 13. The wall -- Invasion of Grenada / W D Ehrhart -- Names of the dead / Stewart O'Nan -- Dien Cai Dau. |
| 520 ## - RESUMEN, ETC. |
| Sumario, etc. |
An anthology of Vietnam War writing, mostly by well-known authors. The fiction includes excerpts from novels, poems and songs, plus summaries of films, while non-fiction is represented by excerpts from books such as Robert Mason's Chickenhawk, the experiences of a helicopter pilot. |
| 650 #0 - PUNTO DE ACCESO ADICIONAL DE MATERIA--TÉRMINO DE MATERIA |
| Término de materia o nombre geográfico como elemento de entrada |
Vietnam War, 1961-1975. |
| 650 #0 - PUNTO DE ACCESO ADICIONAL DE MATERIA--TÉRMINO DE MATERIA |
| Término de materia o nombre geográfico como elemento de entrada |
Vietnam War, 1961-1975 |
| Subdivisión general |
Personal narratives, American. |
| 650 #0 - PUNTO DE ACCESO ADICIONAL DE MATERIA--TÉRMINO DE MATERIA |
| Término de materia o nombre geográfico como elemento de entrada |
Vietnam War, 1961-1975 |
| Subdivisión general |
Literature and the war. |
| 650 #0 - PUNTO DE ACCESO ADICIONAL DE MATERIA--TÉRMINO DE MATERIA |
| Término de materia o nombre geográfico como elemento de entrada |
Vietnam War, 1961-1975 |
| Subdivisión general |
Motion pictures and the war. |
| 650 #0 - PUNTO DE ACCESO ADICIONAL DE MATERIA--TÉRMINO DE MATERIA |
| Término de materia o nombre geográfico como elemento de entrada |
American literature |
| Subdivisión cronológica |
20th century. |
| 700 1# - ENTRADA AGREGADA--NOMBRE PERSONAL |
| Nombre de persona |
O'Nan, Stewart, |
| Fechas asociadas al nombre |
1961- |
| 856 42 - LOCALIZACIÓN Y ACCESO ELECTRÓNICOS |
| Materiales especificados |
Publisher description |
| Identificador Uniforme de Recursos |
<a href="http://www.loc.gov/catdir/description/random044/98015575.html">http://www.loc.gov/catdir/description/random044/98015575.html</a> |
| 856 42 - LOCALIZACIÓN Y ACCESO ELECTRÓNICOS |
| Materiales especificados |
Más?... busque en WorldCat (solo desde FUNGLODE) |
| Identificador Uniforme de Recursos |
<a href="www.firstsearch.oclc.org/fsip">www.firstsearch.oclc.org/fsip</a> |
| 938 ## - |
| -- |
Baker and Taylor |
| -- |
BTCP |
| -- |
98015575 |
| 938 ## - |
| -- |
YBP Library Services |
| -- |
YANK |
| -- |
1510665 |
| 938 ## - |
| -- |
Baker & Taylor |
| -- |
BKTY |
| -- |
17.95 |
| -- |
13.46 |
| -- |
0385491182 |
| -- |
0003146425 |
| -- |
active |
| 942 ## - ELEMENTOS DE ENTRADA SECUNDARIOS (KOHA) |
| Fuente del sistema de clasificación o colocación |
Clasificación de Library of Congress |
| Tipo de ítem Koha |
|
| 946 ## - PROCESAMIENTO DE INFORMACIÓN LOCAL (OCLC) |
| a |
mfcruz |
| 994 ## - |
| -- |
C0 |
| -- |
DRFGD |